| 000 | 00582nam a2200193 a 4500 | ||
|---|---|---|---|
| 005 | 20240911064248.0 | ||
| 008 | 991125s1976 mx 000 0 spa u | ||
| 035 | _aUPN01000003198 | ||
| 049 | _aCE | ||
| 050 | 4 |
_aLC5309 I57 _bC56 |
|
| 245 | 0 | 0 |
_aAntología de textos científicos 6o. semestre / _cselec. Carlos Ortiz Gil. |
| 260 |
_aMéxico : _bCEMPAE : _bITESM, _c1976. |
||
| 300 | _a339 p. | ||
| 500 | _a"Preparatoria abierta" | ||
| 650 | 4 |
_aCiencia _xEstudio y enseñanza _96354 |
|
| 650 | 4 |
_aEducación a distancia _97924 |
|
| 700 | 1 |
_aOrtiz Gil, Carlos, _ecomp. |
|
| 905 | _aLibro | ||
| 999 |
_c3198 _d3198 |
||